वही एक अंत : कहानी संग्रह / (Record no. 117811)

MARC details
000 -LEADER
fixed length control field 01064nam a22002537a 4500
005 - DATE AND TIME OF LATEST TRANSACTION
control field 20170124103101.0
010 ## - LIBRARY OF CONGRESS CONTROL NUMBER
LC control number B-075854
020 ## - INTERNATIONAL STANDARD BOOK NUMBER
Terms of availability 225.00
International Standard Book Number 8188189014
035 ## - SYSTEM CONTROL NUMBER
System control number B-075854
037 ## - SOURCE OF ACQUISITION
Source of stock number/acquisition Cen Lib/Ret
040 ## - CATALOGING SOURCE
Original cataloging agency DPL
Language of cataloging HN
082 ## - DEWEY DECIMAL CLASSIFICATION NUMBER
Classification number
Item number डोभाल
100 ## - MAIN ENTRY--PERSONAL NAME
Personal name डोभाल, बल्लभ
9 (RLIN) 76942
245 ## - TITLE STATEMENT
Title वही एक अंत : कहानी संग्रह /
Statement of responsibility, etc बल्लभ डोभाल
246 ## - VARYING FORM OF TITLE
Title proper/short title Vahi ek Dobhal : kahani sangarh /
Remainder of title by Ballabh Dobhal
260 ## - PUBLICATION, DISTRIBUTION, ETC. (IMPRINT)
Place of publication, distribution, etc नयी दिल्ली
Name of publisher, distributor, etc सत्साहित्य भंडार
Date of publication, distribution, etc 2002
270 ## - ADDRESS
Address ५७ बी, पॉकेट ए, फेज-2, अशोक विहार
City नयी दिल्ली
Postal code 110052
300 ## - PHYSICAL DESCRIPTION
Extent 212पृ.
Dimensions 19सेमी (सजिल्द)
650 ## - SUBJECT ADDED ENTRY--TOPICAL TERM
Topical term or geographic name as entry element साहित्य--कथा
9 (RLIN) 42948
650 ## - SUBJECT ADDED ENTRY--TOPICAL TERM
Topical term or geographic name as entry element हिंदी--कहानियां
9 (RLIN) 2082
650 ## - SUBJECT ADDED ENTRY--TOPICAL TERM
Topical term or geographic name as entry element Literature--Fiction
9 (RLIN) 76943
650 ## - SUBJECT ADDED ENTRY--TOPICAL TERM
Topical term or geographic name as entry element Hindi-- stories
9 (RLIN) 76944
942 ## - ADDED ENTRY ELEMENTS (KOHA)
Source of classification or shelving scheme Dewey Decimal Classification
Koha item type Hindi Books
Classification part
Call number suffix डोभाल
Holdings
Withdrawn status Lost status Damaged status Not for loan Home library Current library Date acquired Source of acquisition Cost, normal purchase price Total Checkouts Full call number Barcode Date last seen Copy number Cost, replacement price Price effective from Koha item type
        Central Library Central Library 08/09/2015 Cen Lib/Ref 225.00   क डोभाल B-075854 08/09/2015 1 225.00 08/09/2015 Hindi Books

© Delhi Public Library
Hit Counter
free hit counter